00577nam a22001697a 450000500170000001000150001702000250003203500130005703700130007008200120008324501170009526000440021227000690025630000280032550000400035370000140039320130913145852.0 aENG-108150 a9788170580231c70.00 aEN-91683 bDBAD/PUB a181.499 aSteps to freedom and mastery :ccompiled by A.S. Dasbselection from the works of Sri Auorbindo and the Mother / aPondicherrybSri Aurobindo Ashramc2012 bPondicherrye605002aSri Aurobindo Ashram Publication Department axxviii,181p.c20cm(pbk) aIncludes bibliographical references aDas, A.S.